[Event "IECG TE.2006.P.02130 email"]
[Site "IECG email"]
[Date "2006.03.17"]
[Round "1"]
[White "Tan, Bing Liak"]
[Black "Ottenweller, Wolfgang"]
[Result "0-1"]
[WhiteElo "973"]
[BlackElo "1964"]
[PlyCount "52"]
[EventDate "2006.03.17"]
[EventType "tourn (corr)"]
[EventRounds "12"]
[SourceTitle "Corr 2024"]
[Source "ChessBase"]
[SourceDate "2023.10.19"]
[SourceVersion "1"]
[SourceVersionDate "2023.10.19"]
[SourceQuality "1"]

1. e4 c5 2. f4 d5 3. exd5 Nf6 4. Bb5+ Nbd7 5. c4 a6 6. Bxd7+ Bxd7 7. d4 cxd4 8. Nf3 Rc8 9. Ne5 e6 10. 0-0 exd5 11. Re1 Be7 12. cxd5 0-0 13. Qb3 Bf5 14. Qxb7 Nxd5 15. Bd2 Qd6 16. Na3 Rb8 17. Qa7 Qc5 18. Qxa6 Rxb2 19. Nac4 Rc2 20. a4 f6 21. Nc6 Rxc4 22. Nxe7+ Nxe7 23. Rxe7 Rc2 24. Ra7 d3+ 25. Kh1 Qd4 26. Rg1 Bc8 0-1

[Event "IECG CN.2000.0.00206"]
[Site "IECG email"]
[Date "2000.08.08"]
[Round "?"]
[White "Sanchez, Christian"]
[Black "Tan, Bing Liak"]
[Result "1-0"]
[WhiteElo "892"]
[BlackElo "800"]
[PlyCount "55"]
[EventDate "2000.08.08"]
[EventType "tourn (corr)"]
[EventRounds "6"]
[SourceTitle "Corr 2008"]
[Source "ChessBase"]
[SourceDate "2008.06.24"]
[SourceVersion "1"]
[SourceVersionDate "2008.06.24"]
[SourceQuality "1"]

1. c4 Nf6 2. Nc3 e5 3. g3 Bb4 4. Bg2 0-0 5. Nf3 Re8 6. 0-0 e4 7. Nd4 Bxc3 8. bxc3 Nc6 9. d3 exd3 10. exd3 h6 11. Re1 Nxd4 12. cxd4 d6 13. Rb1 c6 14. Ba3 d5 15. Re5 b6 16. Qa4 Bb7 17. Rbe1 Rxe5 18. dxe5 Qe8 19. Qb4 Nd7 20. cxd5 cxd5 21. d4 Rc8 22. f4 Qe6 23. Qb1 g6 24. Rf1 Qf5 25. Qxf5 gxf5 26. Bh3 Ba6 27. Rf3 Nf8 28. Bxf5 1-0

[Event "IECG CN.2000.0.00183"]
[Site "IECG email"]
[Date "2000.03.21"]
[Round "?"]
[White "Kosugi, Yuji"]
[Black "Tan, Bing Liak"]
[Result "0-1"]
[WhiteElo "800"]
[BlackElo "800"]
[PlyCount "57"]
[EventDate "2000.03.21"]
[EventType "tourn (corr)"]
[EventRounds "6"]
[SourceTitle "Corr 2008"]
[Source "ChessBase"]
[SourceDate "2008.06.24"]
[SourceVersion "1"]
[SourceVersionDate "2008.06.24"]
[SourceQuality "1"]

1. d4 Nf6 2. c4 g6 3. Nc3 Bg7 4. e4 d6 5. Nf3 0-0 6. Be2 e5 7. 0-0 Nc6 8. d5 Ne7 9. b4 b6 10. Ba3 Nd7 11. Na4 f5 12. Ng5 Nf6 13. Nc3 h6 14. Ne6 Bxe6 15. dxe6 c5 16. exf5 Nxf5 17. Bg4 Nxg4 18. Qxg4 Rf6 19. bxc5 bxc5 20. Rfd1 Rxe6 21. Bxc5 Qa5 22. Rxd6 Rxd6 23. Bxd6 Qxc3 24. Rb1 Nxd6 25. g3 Qxc4 26. Qxg6 Nf7 27. Rb7 Rc8 28. Rxa7 Qd5 29. Kf1 0-1

[Event "IECG CN.2000.0.00183"]
[Site "IECG email"]
[Date "2000.03.21"]
[Round "?"]
[White "Tan, Bing Liak"]
[Black "Knott, Carola"]
[Result "1-0"]
[WhiteElo "800"]
[BlackElo "800"]
[PlyCount "87"]
[EventDate "2000.03.21"]
[EventType "tourn (corr)"]
[EventRounds "6"]
[SourceTitle "Corr 2008"]
[Source "ChessBase"]
[SourceDate "2008.06.24"]
[SourceVersion "1"]
[SourceVersionDate "2008.06.24"]
[SourceQuality "1"]

1. e4 e5 2. Nf3 Nc6 3. Bc4 Nf6 4. Ng5 d5 5. exd5 Nd4 6. c3 b5 7. Bf1 Nxd5 8. cxd4 Qxg5 9. Qf3 Bb7 10. Bxb5+ Kd8 11. 0-0 exd4 12. d3 Nf4 13. Bxf4 Qxb5 14. Qg3 Bd6 15. Qxg7 Re8 16. Bxd6 cxd6 17. Qxd4 Qe5 18. Qh4+ Kd7 19. Nd2 Re6 20. d4 Qd5 21. f3 Rae8 22. Nb1 h6 23. Nc3 Qg5 24. Qxg5 hxg5 25. Kf2 Rh6 26. h3 Rh4 27. Rad1 f5 28. Rd2 Ba6 29. Re1 Rxe1 30. Kxe1 Rh8 31. d5 Rf8 32. Rd4 Re8+ 33. Kd2 Bf1 34. Ra4 a6 35. g3 Rb8 36. b3 Ke7 37. h4 Kf6 38. hxg5+ Kxg5 39. Rh4 Re8 40. f4+ Kg6 41. g4 fxg4 42. Rxg4+ Kf5 43. Rg7 Rh8 44. Rf7+ 1-0